MDQL
is popping MORE tags! Check the
thread
!
Quizzes
Events
Quiz Creation
Community
Videos
Private Events
Remove Ads
Sign In
Join for FREE
Feedback
Dark Mode
Quiz Categories
Sports
Geography
Music
Movies
Television
Just For Fun
Miscellaneous
History
Literature
Language
Science
Gaming
Entertainment
Religion
Holiday
For Kids
Quiz Lab
Recent
Popular Today
Quiz Kudos Today
Editor Picks
Curator Picks
Quizzes by...
Day
Popularity
Type
Ratings
Length
Year
Community
Subscriptions
Recent Discussions
Orange Saloon
Badges
Playlists
Quests
Create
Leaderboards
Showdown
Live 5
Trivia Bingo
Activity
Puzzle Library
Sporcle Events
Private Events
Virtual Trivia
Globe League
Become a Host
Pub Owners
SporcleCon
Opinionation
Our Games
Videos
Blog
Mobile Apps
Partnerships
Remove Ads and Go Orange
Feedback
Literature
Harry Potter
A Song of Ice and Fire
The Hunger Games
Literary Character
Shakespeare
Book
Author
Novel
Poem
Young Adult
Children's Books
Play
Lord of the Rings
Literature
Harry Potter
A Song of Ice and Fire
The Hunger Games
Literary Character
Shakespeare
Book
Author
Novel
Poem
Young Adult
Children's Books
Play
Lord of the Rings
Random Quiz
Search Sporcle
×
Quiz Lab
Quiz Lab
Literature
Harry Potter
Type in answers that appear in a list
Type in answers that appear in a list
Classic
Best Score? Go Orange.
Harry Potter-Who Said It? Stats
Can you name the Harry Potter-Who Said It??
By
hannerrbananerrs
7m
15 Questions
571 Plays
571 Plays
571 Plays
Comments
Comments
Give Quiz Kudos
Give Quiz Kudos
-
- Ratings
hide this ad
Forced Order
Answers have to be entered in order
Answers have to be entered in order
Replay
Link that replays current quiz
Next Quiz
Link to next quiz in quiz playlist
You Got
0%
They Got
Avg Score
72%
Avg Friend Score
Upgrade to see
Score Distribution
Jump to the score distribution portion of the page
Score
0/15
Timer
07:00
0
Plays Today
Quote
Character
% Correct
'I hope you're pleased with yourselves. We could all have been killed-
or worse, expelled.'
Hermione Granger
94.2%
'Bye-
bye Norbert! Mommy will never forget you!'
Rubeus Hagrid
90.9%
'Harry Potter is humble and modest. Harry Potter speaks not of his triumph of over He-
Who-
Must-
Not-
Be-
Named.'
Dobby
90%
'There'll be only one murder here tonight.'
Sirius Black
84.6%
'He accused me of being 'Dumbledore's man through and through...' I told him I was.'
Harry Potter
83.2%
'If there's something wrong with the bitch, there'll be something wrong with the pup.'
Marge Dursley
81.4%
'Of course I know how to work it. I helped write it.'
Remus Lupin
80.4%
'My master's plan worked. He is returned to power and I will be honored by him beyond the dreams of wizards.'
Barty Crouch Jr.
79.7%
Quote
Character
% Correct
'Wands out, do you reckon?'
Cedric Diggory
73.2%
'But surely this is the Mudblood girl? This is Granger?'
Bellatrix Lestrange
70.9%
'No sword. That double-
crossing little scab...'
Ron Weasley
69.5%
'It's time you learned the difference between life and dreams, Potter.'
Lucius Malfoy
57.8%
'Answer me! Imperio!'
Tom Riddle
54.3%
'Leave my mother out of this, Potter!'
Seamus Finnigan
46.9%
'Where's the proof You-
Know-
Who's back?'
Zacharias Smith
32.9%
Quiz Playlist
Details
Report
Send in Message
Add To Playlist
Classic:
Type in answers that appear in a list
Forced Order:
Answers have to be entered in order
Last Updated: Feb 16, 2017
Quiz Scoreboard
CHALLENGE
Sign Up to Join the Scoreboard
Show All
Scores
Hide
Comments
May contain spoilers
Recently Published
1-10 Letter E Words III
by El_Dandy
Language
2m
Street Fighter Characters
by Artimus82
Gaming
60s
College Basketball Coaching Resumes
by pancakes188
Sports
9m
More to Explore
Quiz From the Vault
Featured Blog Post
Where Did the Easter Bunny Come From?
hide this ad
You Might Also Like...
Tags
Harry Potter Quiz
Quote Quiz
Today's Top Quizzes in Literature
Browse Literature
hide this ad
Today's Top Quizzes in Harry Potter
Browse Harry Potter
Top Contributed Quizzes in Literature
1
Sneaky Slytherin Logic Puzzle
2
Get The Picture: Black or White Literature
3
5-to-1: Plays
4
One Thing in Common: Literature
5
A Court of Thorns and Roses (ACoTaR) Logic Puzzle
6
One Thing in Common: Literature II
7
One Thing in Common: Books
8
One Thing in Common: Literature 3
9
'Middle' Earth
10
One Thing in Common: Books II
Explore More
Trending Topics
Marvel
NBA
Disney
Harry Potter
Kpop
Anime
Crossword
Puzzle
Pokémon
The Office
Country
Song
Soccer
NFL
WWE
hide this ad
More By:
hannerrbananerrs
Quiz
Plays
Rating
Category
Featured
Created
Harry Potter-Who Said It?
571
2.38
Literature
Aug 16, 2010
Go to Creator's Profile
Score Distribution
Quiz Creator Spotlight
hannerrbananerrs
Follow
Send a Message
Quizzes Created
-
Created Quiz Play Count
-
More By This Creator
Popular Quizzes Today
1
Find the US States - No Outlines Minefield
2
Find the Countries of Europe - No Outlines Minefield
3
The Countries of the World
4
Find the US States
5
Risky Map Clicking: Biggest States A-Z
6
US States
7
Popular People in 1961
8
Movies - When Are They Set?
More Literature Quizzes
Novel by Protagonist
Published
Trending Quizzes
Risky Map Clicking: Least Populous States A-Z
1-10 Letter G Words
Countries of the World: 200 Million BC
1-10 Letter F Words
Risky Map Clicking: Next State Alphabetically
Recently Updated
Largest US Cities 1790-2010
pecheneg
Rides in Walt Disney World
pecheneg
Most Oscar Losses (Acting)
pecheneg
Beyoncé Albums
pecheneg
Leaping Animals
pecheneg
Reality TV Shows (A-Z)
bhenderson79
Rickey Henderson's Hall of Fame Teammates
pecheneg
Champions League XIs: Arsenal
pecheneg
Quick Pick: Celebrities in WWE's Hall of Fame
aduchscher
A-Z Keypad Blitz II
pecheneg
Trending Topics
Crossword
Marvel
Kpop
Anime
NBA
Disney
Harry Potter
The Office
Soccer
Song
Pokémon
Country
Puzzle
NFL
WWE
Your Account Isn't Verified!
In order to create a playlist on Sporcle, you need to verify the email address you used during registration. Go to your
Sporcle Settings
to finish the process.
Report this User
Report this user for behavior that violates our
Community Guidelines
.
Details:
Send Report
Go to the Sporcle.com Mobile Site →
Comments